[Event "Titled Tuesday intern op 16th Apr Late"]
[Site "Chess.com INT"]
[Date "2024.04.16"]
[Round "2"]
[White "Papp, Petra"]
[Black "Kandil, Ahmed"]
[Result "1-0"]
[WhiteElo "2281"]
[BlackElo "2081"]
[PlyCount "37"]
[EventDate "2024.04.16"]
[EventType "swiss (blitz)"]
[EventRounds "11"]
[EventCountry "USA"]
[SourceTitle "CB17_2024"]
[SourceDate "2024.04.24"]
[SourceVersion "1"]
[SourceVersionDate "2024.04.24"]
[SourceQuality "1"]

1. d4 Nf6 2. c4 g6 3. Nc3 Bg7 4. e4 d6 5. Nf3 Rf8 6. Be2 Nc6 7. 0-0 Bg4 8. Bf4 Nh5 9. Be3 e5 10. dxe5 dxe5 11. Qa4 Nf4 12. Bxf4 exf4 13. Nd5 Qd7 14. Rad1 0-0-0 15. b4 Bxf3 16. Bxf3 Nd4 17. Qxa7 Nxf3+ 18. gxf3 Qc6 19. Ne7# 1-0

[Event "Titled Tuesday intern op 13th Feb Late"]
[Site "Chess.com INT"]
[Date "2024.02.13"]
[Round "9"]
[White "Bardyk, Artem"]
[Black "Kandil, Ahmed"]
[Result "1-0"]
[WhiteElo "2192"]
[BlackElo "2201"]
[PlyCount "69"]
[EventDate "2024.02.13"]
[EventType "swiss (blitz)"]
[EventRounds "11"]
[EventCountry "USA"]
[SourceTitle "CB08_2024"]
[SourceDate "2024.02.21"]
[SourceVersion "1"]
[SourceVersionDate "2024.02.21"]
[SourceQuality "1"]

1. e4 e5 2. Nf3 Nc6 3. Bc4 Nf6 4. d3 Be7 5. Nc3 d6 6. h3 Na5 7. Bg5 Nxc4 8. dxc4 0-0 9. Qd2 Be6 10. Bxf6 Bxf6 11. Nd5 g6 12. 0-0-0 Bg7 13. h4 h5 14. Ng5 Bd7 15. Ne3 Qe7 16. c5 Bc6 17. cxd6 Qd7 18. dxc7 Qxc7 19. Nd5 Bxd5 20. Qxd5 Rfd8 21. Qb3 b6 22. a3 Qc5 23. Qxf7+ Kh8 24. Qxg6 Kg8 25. Qf7+ Kh8 26. Qxh5+ Kg8 27. Qh7+ Kf8 28. Qf5+ Kg8 29. Qe6+ Kh8 30. Rxd8+ Rxd8 31. Nf7+ Kh7 32. Nxd8 Qxf2 33. Qf5+ Qxf5 34. exf5 Bh6+ 35. Kd1 1-0

[Event "Titled Tuesday intern op 13th Feb Late"]
[Site "Chess.com INT"]
[Date "2024.02.13"]
[Round "6"]
[White "Kandil, Ahmed"]
[Black "Shuvalova, Polina"]
[Result "0-1"]
[WhiteElo "2201"]
[BlackElo "2455"]
[PlyCount "134"]
[EventDate "2024.02.13"]
[EventType "swiss (blitz)"]
[EventRounds "11"]
[EventCountry "USA"]
[SourceTitle "CB08_2024"]
[SourceDate "2024.02.21"]
[SourceVersion "1"]
[SourceVersionDate "2024.02.21"]
[SourceQuality "1"]

1. e4 c5 2. Nf3 d6 3. Bb5+ Bd7 4. Bd3 Nc6 5. c3 e6 6. 0-0 Nf6 7. Bc2 Rc8 8. d4 cxd4 9. cxd4 Nb4 10. Nc3 Nxc2 11. Qxc2 d5 12. Bg5 dxe4 13. Bxf6 Qxf6 14. Qxe4 b6 15. Ne5 Bd6 16. Nxd7 Kxd7 17. d5 Qf4 18. dxe6+ fxe6 19. Qxf4 Bxf4 20. Rad1+ Ke7 21. Rfe1 Kf6 22. g3 Bb8 23. Rd7 Rhd8 24. Ne4+ Kg6 25. Red1 Rxd7 26. Rxd7 Be5 27. b3 a5 28. Kg2 Rc2 29. a4 Rb2 30. Nd2 Bc3 31. Nc4 Rxb3 32. Rd6 Rb4 33. Nxb6 Kf7 34. Rc6 Bd4 35. Nc4 Rxa4 36. Nd6+ Ke7 37. Ne4 Ra2 38. Rc7+ Kd8 39. Rb7 a4 40. Rb4 e5 41. Rb5 a3 42. Ra5 Ra1 43. Kf3 a2 44. Ra6 Kc7 45. Ra8 Kb7 46. Ra3 Kb6 47. Nd2 Rf1 48. Rxa2 Rxf2+ 49. Ke4 Kb5 50. Rc2 g6 51. Kd3 Rxh2 52. g4 Rg2 53. g5 Rxg5 54. Nf3 Rg3 55. Ke4 h5 56. Rc1 Rg4+ 57. Kd5 h4 58. Rb1+ Ka4 59. Kc4 Ka3 60. Nd2 Be3+ 61. Kd3 Bxd2 62. Kxd2 h3 63. Kc3 Rg3+ 64. Kc2 h2 65. Rh1 Rg2+ 66. Kd3 Rg1 67. Ke3 Rxh1 0-1

[Event "Cairo Al Ain op"]
[Site "Cairo"]
[Date "2023.12.03"]
[Round "10"]
[White "Kandil, Ahmed"]
[Black "Wafa, Hamed"]
[Result "1/2-1/2"]
[WhiteElo "2177"]
[BlackElo "2177"]
[PlyCount "119"]
[EventDate "2023.11.27"]
[EventType "swiss"]
[EventRounds "10"]
[EventCountry "EGY"]
[SourceTitle "CB49_2023"]
[SourceDate "2023.12.06"]
[SourceVersion "1"]
[SourceVersionDate "2023.12.06"]
[SourceQuality "1"]

1. e4 c5 2. Nf3 d6 3. d4 cxd4 4. Nxd4 Nf6 5. Nc3 g6 6. Be3 Bg7 7. f3 0-0 8. Qd2 Nc6 9. 0-0-0 d5 10. exd5 Nxd5 11. Nxc6 bxc6 12. Nxd5 cxd5 13. Qxd5 Qc7 14. Qxa8 Bf5 15. Qxf8+ Kxf8 16. Rd2 h5 17. Be2 Qb8 18. b3 Kg8 19. Bc4 Qb4 20. Kd1 Bc3 21. Rd8+ Kg7 22. Ke2 Qa5 23. Rhd1 Bxc2 24. Bd4+ e5 25. Rd5 Qxa2 26. Bxc3 Bxb3+ 27. R1d2 Bxc4+ 28. Kf2 Bxd5 29. Rxa2 Bxa2 30. Bxe5+ Kf8 31. Bc3 Ke7 32. Ke3 Kd6 33. Kf4 Kd5 34. Kg5 Kc4 35. Ba5 Kb5 36. Be1 Bd5 37. Kf4 a5 38. Ke5 Be6 39. Kd4 a4 40. Bc3 a3 41. Ba1 Kb4 42. Kd3 Kb3 43. Bf6 Bd5 44. h4 Bc4+ 45. Kd2 a2 46. g3 Be6 47. f4 Kc4 48. Ke3 Bf5 49. Ba1 Bd7 50. Bf6 Kd5 51. Ba1 Ke6 52. Bb2 Kf5 53. Ba1 Kg4 54. Kf2 Bc6 55. Bb2 Kf5 56. Ke3 Ke6 57. Ba1 Kd5 58. Bf6 Kc4 59. Kd2 Kb4 60. Kd3 1/2-1/2

[Event "Cairo Al Ain op"]
[Site "Cairo"]
[Date "2023.12.02"]
[Round "9"]
[White "Elsersawy, Khaled"]
[Black "Kandil, Ahmed"]
[Result "0-1"]
[WhiteElo "1949"]
[BlackElo "2177"]
[PlyCount "78"]
[EventDate "2023.11.27"]
[EventType "swiss"]
[EventRounds "10"]
[EventCountry "EGY"]
[SourceTitle "CB49_2023"]
[SourceDate "2023.12.06"]
[SourceVersion "1"]
[SourceVersionDate "2023.12.06"]
[SourceQuality "1"]

1. c4 e5 2. Nc3 Nf6 3. g3 d5 4. cxd5 Nxd5 5. Bg2 Nb6 6. Nf3 Nc6 7. 0-0 Be7 8. a3 Be6 9. b4 a5 10. b5 Nd4 11. Rb1 f6 12. e3 Nxf3+ 13. Qxf3 Rb8 14. Re1 Qd7 15. Qh5+ g6 16. Qh6 Bf8 17. Qh4 Bg7 18. d4 Bg4 19. h3 h5 20. f4 exd4 21. exd4+ Kf7 22. Ne4 Rbe8 23. Be3 Bf5 24. Nc5 Qd6 25. Nxb7 Qxa3 26. Ra1 Rxe3 27. Rxa3 Rxe1+ 28. Kh2 Re2 29. Nc5 Nc4 30. Ra1 Ne3 31. Rg1 Bf8 32. Kh1 Bxc5 33. Bf3 Bd6 34. Bxe2 Be4+ 35. Kh2 Nf5 36. Bc4+ Kg7 37. Re1 Nxh4 38. Rxe4 Nf3+ 39. Kg2 Nd2 0-1

[Event "Cairo Al Ain op"]
[Site "Cairo"]
[Date "2023.12.01"]
[Round "8"]
[White "Kandil, Ahmed"]
[Black "Yaser, Kareim"]
[Result "1-0"]
[WhiteElo "2177"]
[BlackElo "2090"]
[PlyCount "35"]
[EventDate "2023.11.27"]
[EventType "swiss"]
[EventRounds "10"]
[EventCountry "EGY"]
[SourceTitle "CB49_2023"]
[SourceDate "2023.12.06"]
[SourceVersion "1"]
[SourceVersionDate "2023.12.06"]
[SourceQuality "1"]

1. e4 c5 2. Nf3 d6 3. d4 cxd4 4. Nxd4 Nf6 5. Nc3 a6 6. Bg5 e6 7. f4 h6 8. Bh4 Nbd7 9. Bc4 b5 10. Bb3 Bb7 11. Qe2 Qb6 12. 0-0-0 b4 13. e5 dxe5 14. fxe5 bxc3 15. exf6 gxf6 16. Nxe6 fxe6 17. Qh5+ Kd8 18. Bxf6+ 1-0

[Event "Wch FIDE Online U12"]
[Site "Tornelo INT"]
[Date "2020.12.19"]
[Round "1.1"]
[White "Samunenkov, Igor"]
[Black "Kandil, Ahmed"]
[Result "1-0"]
[WhiteElo "2142"]
[BlackElo "1934"]
[PlyCount "83"]
[EventDate "2020.12.19"]
[EventType "k.o. (rapid)"]
[EventRounds "4"]
[EventCountry "ISS"]
[SourceTitle "EXT 2022"]
[Source "ChessBase"]
[SourceDate "2021.10.06"]
[SourceVersion "1"]
[SourceVersionDate "2021.10.06"]
[SourceQuality "1"]

1. e4 e5 2. Nf3 Nc6 3. d4 exd4 4. Bc4 Nf6 5. e5 d5 6. Bb5 Nd7 7. 0-0 Bc5 8. Bxc6 bxc6 9. Bg5 Be7 10. Nxd4 Bb7 11. Bxe7 Qxe7 12. e6 fxe6 13. Nxe6 Qxe6 14. Re1 Ne5 15. Qh5+ g6 16. Rxe5 gxh5 17. Rxe6+ Kf7 18. Rh6 Rae8 19. Nc3 d4 20. Na4 Re5 21. f4 Re2 22. Nc5 Ba8 23. Rc1 Kg7 24. Re6 Rxe6 25. Nxe6+ Kf6 26. Nxd4 Rd8 27. Ne2 Rd2 28. Kf2 c5 29. Ke1 Rd7 30. g3 Kf5 31. Rd1 Rxd1+ 32. Kxd1 Kg4 33. Kd2 Kh3 34. Ke3 Kxh2 35. f5 Bd5 36. Nf4 Bxa2 37. Kf2 Bf7 38. Nd3 c4 39. Ne5 c3 40. b4 Bb3 41. cxb3 c2 42. Nd3 1-0

[Event "Wch FIDE Online U12 Africa qual"]
[Site "Tornelo INT"]
[Date "2020.11.29"]
[Round "4"]
[White "Mena, Martin"]
[Black "Kandil, Ahmed"]
[Result "1/2-1/2"]
[WhiteElo "1607"]
[BlackElo "1566"]
[PlyCount "153"]
[EventDate "2020.11.28"]
[EventType "swiss (rapid)"]
[EventRounds "7"]
[EventCountry "ISS"]
[SourceTitle "EXT 2022"]
[Source "ChessBase"]
[SourceDate "2021.10.06"]
[SourceVersion "1"]
[SourceVersionDate "2021.10.06"]
[SourceQuality "1"]

1. d4 d5 2. Nf3 e6 3. c4 Nf6 4. Nc3 Be7 5. cxd5 exd5 6. Bg5 Nbd7 7. e3 c6 8. Bd3 0-0 9. h3 h6 10. Bf4 Re8 11. 0-0 Bf8 12. Qc2 c5 13. dxc5 Nxc5 14. Nb5 Ne6 15. Bc7 Qd7 16. Ne5 Qe7 17. Bd6 Qd8 18. Bxf8 Rxf8 19. Rac1 Ne8 20. Bf5 a6 21. Bxe6 Bxe6 22. Nc7 Nxc7 23. Qxc7 Qf6 24. Nd3 Bxh3 25. Nf4 Be6 26. Qxb7 Rab8 27. Qxa6 Rxb2 28. Nd3 Rd2 29. Rc6 Qg5 30. Nf4 Bf5 31. Qa5 Be4 32. Qxd2 d4 33. f3 Bxc6 34. Qxd4 Rd8 35. Qc3 Ba8 36. Nh3 Qg3 37. Nf4 Qg5 38. Nh3 Qg3 39. Nf4 Re8 40. Ne2 Qg5 41. Nf4 h5 42. Qe1 Rc8 43. Qf2 Qf5 44. Re1 Rc2 45. Re2 Rc8 46. Qe1 Qg5 47. Nh3 Qf5 48. e4 Qc5+ 49. Qf2 Qc1+ 50. Re1 Qc6 51. Nf4 Qh6 52. Nd3 Rd8 53. Nc5 Rd2 54. Qg3 Qb6 55. Rc1 Rxa2 56. Kh1 Rd2 57. Na4 Qa7 58. Rc8+ Kh7 59. Nc5 Rc2 60. Qb8 Qxb8 61. Rxb8 Rc1+ 62. Kh2 Bc6 63. Nd3 f6 64. Nf4 h4 65. Nd3 Rd1 66. Nf2 Rd2 67. Ng4 f5 68. Ne3 fxe4 69. fxe4 Bxe4 70. Rb4 Bc6 71. Rxh4+ Kg8 72. Rg4 Re2 73. Nf5 Rxg2+ 74. Rxg2 Bxg2 75. Kxg2 g6 76. Nh4 Kf7 77. Nxg6 1/2-1/2

[Event "Africa-ch U18"]
[Site "Windhoek"]
[Date "2019.12.21"]
[Round "9.4"]
[White "Kandil, Ahmed"]
[Black "Celso, Andre Manjate"]
[Result "0-1"]
[WhiteElo "1901"]
[BlackElo "1661"]
[PlyCount "60"]
[EventDate "2019.12.16"]
[EventType "swiss"]
[EventRounds "9"]
[EventCountry "NAM"]
[SourceTitle "EXT 2024"]
[Source "ChessBase"]
[SourceDate "2023.10.10"]
[SourceVersion "1"]
[SourceVersionDate "2023.10.10"]
[SourceQuality "1"]

1. e4 e6 2. d4 d5 3. Nd2 c5 4. c3 Nc6 5. Ngf3 cxd4 6. cxd4 Bb4 7. Bb5 Qb6 8. Qa4 Bd7 9. exd5 exd5 10. a3 Bd6 11. 0-0 Nge7 12. Qb3 0-0 13. Bxc6 bxc6 14. Re1 Rfe8 15. Qc3 c5 16. Nb3 c4 17. Nbd2 a5 18. Ne5 Bc8 19. Ndf3 f6 20. Nxc4 dxc4 21. Qxc4+ Kh8 22. b3 Bb7 23. Nd2 Rac8 24. Qd3 Nd5 25. Rxe8+ Rxe8 26. Nf3 Ba6 27. Qf5 Qxb3 28. Bg5 fxg5 29. Qxg5 Nf6 30. d5 Rg8 0-1

[Event "Wch U10"]
[Site "Santiago de Compostela"]
[Date "2018.11.09"]
[Round "5"]
[White "Kandil, Ahmed"]
[Black "Hagner, Bennet"]
[Result "1/2-1/2"]
[WhiteElo "1638"]
[BlackElo "1912"]
[PlyCount "92"]
[EventDate "2018.11.04"]
[EventType "swiss"]
[EventRounds "11"]
[EventCountry "ESP"]
[SourceTitle "EXT 2022"]
[Source "ChessBase"]
[SourceDate "2021.10.06"]
[SourceVersion "1"]
[SourceVersionDate "2021.10.06"]
[SourceQuality "1"]

1. e4 c6 2. d4 d5 3. Nd2 dxe4 4. Nxe4 Nd7 5. Nf3 Ngf6 6. Ng3 e6 7. Bd3 Be7 8. 0-0 0-0 9. Re1 b6 10. Bf4 Bb7 11. c4 c5 12. dxc5 Nxc5 13. Bc2 Qxd1 14. Raxd1 Rfd8 15. Ne5 Rxd1 16. Rxd1 Rd8 17. Rxd8+ Bxd8 18. b4 Ncd7 19. Nxd7 Nxd7 20. Ne4 e5 21. Nd6 Bxg2 22. Bxe5 Nxe5 23. Kxg2 Be7 24. c5 Bxd6 25. cxd6 Kf8 26. f4 Nc4 27. d7 Ke7 28. Bxh7 g6 29. Kf3 Nd2+ 30. Ke2 Ne4 31. f5 Nc3+ 32. Kd2 Nxa2 33. Bxg6 Kxd7 34. Bxf7 Nxb4 35. h4 Ke7 36. Bg6 Kf6 37. h5 Kg5 38. Kc3 Nd5+ 39. Kc4 Nf6 40. Kb5 Nxh5 41. Ka6 Nf4 42. Kxa7 b5 43. Bf7 b4 44. Kb6 Kxf5 45. Kb5 Nd3 46. Bc4 Ke4 1/2-1/2

[Event "Wch U10"]
[Site "Santiago de Compostela"]
[Date "2018.11.08"]
[Round "4"]
[White "Chandra, Anand Rishi"]
[Black "Kandil, Ahmed"]
[Result "0-1"]
[WhiteElo "1953"]
[BlackElo "1638"]
[PlyCount "130"]
[EventDate "2018.11.04"]
[EventType "swiss"]
[EventRounds "11"]
[EventCountry "ESP"]
[SourceTitle "EXT 2022"]
[Source "ChessBase"]
[SourceDate "2021.10.06"]
[SourceVersion "1"]
[SourceVersionDate "2021.10.06"]
[SourceQuality "1"]

1. e4 e5 2. Nf3 Nc6 3. Bc4 Nf6 4. d3 Be7 5. c3 0-0 6. 0-0 d6 7. Nbd2 h6 8. Re1 Be6 9. Bb5 a6 10. Ba4 b5 11. Bc2 Nh7 12. d4 Bg4 13. h3 Bh5 14. g4 Bg6 15. d5 Nb8 16. Nf1 h5 17. Ng3 Nf6 18. g5 Nh7 19. h4 f6 20. Nf5 Bxf5 21. exf5 fxg5 22. f6 gxf6 23. Bxh7+ Kxh7 24. hxg5 Rg8 25. Nh4 Qe8 26. g6+ Rxg6+ 27. Nxg6 Qxg6+ 28. Kh2 Nd7 29. Rg1 Qf5 30. Qd2 Bf8 31. Qe3 Bg7 32. Bd2 Nc5 33. Rg2 Ne4 34. Rag1 Ng5 35. Qg3 Bh6 36. Bxg5 Bxg5 37. Kh1 Rg8 38. Rh2 Kh6 39. Qh3 Qxh3 40. Rxh3 Re8 41. Re1 Rb8 42. b3 Kg6 43. Kg2 Rh8 44. c4 f5 45. cxb5 axb5 46. f3 Ra8 47. Re2 b4 48. Rc2 Ra5 49. Rg3 f4 50. Rh3 Rxd5 51. Rxc7 Rd2+ 52. Kf1 Rxa2 53. Rb7 h4 54. Rxb4 Kf5 55. Rb8 d5 56. Rf8+ Ke6 57. b4 Rb2 58. Rb8 e4 59. fxe4 dxe4 60. Rc3 Kf5 61. Rc5+ Kg4 62. b5 f3 63. Re8 Rb1+ 64. Kf2 e3+ 65. Rxe3 Rb2+ 0-1